Cases and materials on torts
I tiakina i:
| Ngā kaituhi matua: | , |
|---|---|
| Hōputu: | Pukapuka |
| Reo: | Ingarihi |
| I whakaputaina: |
Boston
Little, Brown and Company
1969
|
| Putanga: | 2a. ed |
| Ngā marau: | |
| Ngā Tūtohu: |
Tāpirihia he Tūtohu
Kāore He Tūtohu, Me noho koe te mea tuatahi ki te tūtohu i tēnei pūkete!
|
MARC
| LEADER | 00000cam a2200000 a 4500 | ||
|---|---|---|---|
| 001 | UCD3982 | ||
| 003 | CL-VaPUC | ||
| 008 | 160623e19690000us |||||||||||||||||eng|d | ||
| 082 | 0 | 4 | |a 347.03 |b GRE |2 21 |
| 100 | 0 | |a Gregory, Charles O |e author |9 587603 | |
| 700 | 0 | |a Kalven, Harry |e author |9 587604 | |
| 245 | 1 | 0 | |a Cases and materials on torts |
| 250 | |a 2a. ed | ||
| 300 | |a 1351 p | ||
| 942 | |c BK | ||
| 945 | |d 20160623 20:48:00 |a dcastane | ||
| 260 | |a Boston |b Little, Brown and Company |c 1969 | ||
| 650 | 0 | |a Derecho procesal penal |9 255496 | |
| 650 | 0 | |a Agravios |9 402645 | |
| 650 | 0 | |a Recurso de apelación |9 380716 | |
| 583 | |a last modification |c 20160623 20:48:00 |k Rodrigo Vera | ||
| 999 | |c 364968 |d 364966 | ||
| 952 | |0 0 |1 0 |3 erd |4 0 |6 347_030000000000000_GRE_1969 |7 0 |8 A |9 478611 |a BIBDER |b BIBDER |i 531366K |o 347.03 GRE 1969 |p 531366K |r 2023-01-25 |w 2019-11-24 |y BK |z Catalogado en:20160623 |k DER | ||